Party games for all occasions / (Record no. 53178)

MARC details
000 -LEADER
fixed length control field 01045nam a22003137a 4500
005 - DATE AND TIME OF LATEST TRANSACTION
control field 2011062406136.0
008 - FIXED-LENGTH DATA ELEMENTS--GENERAL INFORMATION
fixed length control field 110624t xxu||||| |||| 00| 0 eng d
010 ## - LCCN (DPL NO)
LC control number ENG-102641
020 ## - INTERNATIONAL STANDARD BOOK NUMBER
Terms of availability 395.00
International Standard Book Number 9789380177496
035 ## - SYSTEM CONTROL NUMBER
System control number EN-86174
037 ## - SOURCE OF ACQUISITION
Source of stock number/acquisition DBAD / PUB
040 ## - CATALOGING SOURCE
Original cataloging agency dpl
Language of cataloging English
082 ## - DEWEY DECIMAL CLASSIFICATION NUMBER
Classification number 793.2
100 ## - MAIN ENTRY--PERSONAL NAME
9 (RLIN) 28493
110 ## - MAIN ENTRY--CORPORATE NAME
9 (RLIN) 28532
245 ## - TITLE STATEMENT
Title Party games for all occasions /
Statement of responsibility, etc complied & edited by Vanita
260 ## - PUBLICATION, DISTRIBUTION, ETC. (IMPRINT)
Place of publication, distribution, etc New Delhi
Name of publisher, distributor, etc Vij Books India
Date of publication, distribution, etc 2011
270 ## - ADDRESS
Address 4675-A, Ansari Road, Darya Ganj
City New Delhi
Postal code 110002
Telephone number 91-11-65449971,91-11-43596460
Fax number 91-11-30126465
Electronic mail address vijbooks@rediffmail.com
300 ## - PHYSICAL DESCRIPTION
Extent 153p.
Dimensions 22cm (pbk)
500 ## - GENERAL NOTE
General note Includes index.
600 ## - SUBJECT ADDED ENTRY--PERSONAL NAME
9 (RLIN) 28594
610 ## - SUBJECT ADDED ENTRY--CORPORATE NAME
9 (RLIN) 28529
651 ## - SUBJECT ADDED ENTRY--GEOGRAPHIC NAME
9 (RLIN) 28530
700 ## - ADDED ENTRY--PERSONAL NAME
9 (RLIN) 28520
Personal name Vanita
710 ## - ADDED ENTRY--CORPORATE NAME
9 (RLIN) 28535
942 ## - ADDED ENTRY ELEMENTS (KOHA)
Source of classification or shelving scheme Dewey Decimal Classification
Item type English Books
Call number suffix PAR
Classification part 793.2
Holdings
Withdrawn status Lost status Source of classification or shelving scheme Damaged status Not for loan Collection code Home library Current library Date acquired Source of acquisition Cost, normal purchase price Total Checkouts Full call number Barcode Date last seen Copy number Cost, replacement price Koha item type
    Dewey Decimal Classification   Not For Loan Non-fiction D.B.Act.Division D.B.Act.Division 24/06/2011 DBAD/PUB 395.00   793.2 PAR EN-86174 24/06/2011 1 395.00 English Books

© Delhi Public Library
Hit Counter
free hit counter